| 000 | 02167nam0a2200337 4500 | ||
|---|---|---|---|
| 001 | RU\NLR\bibl\89646 | ||
| 005 | 20260406161541.0 | ||
| 010 |
_a5-7142-0253-8 _9500 |
||
| 021 |
_aRU _b2000-5479 _9278 |
||
| 035 | _a(NLR Aleph) 000087588 | ||
| 090 |
_a490197 _c490197 |
||
| 100 | _a20000602d1999 |||y0rusy50 ca | ||
| 101 | 0 | _arus | |
| 102 | _aRU | ||
| 105 | _ay ||||||||| | ||
| 200 | 1 |
_aНиколай Васильевич Здобнов (1888-1942) _eБиоблиогр. указ. _f[Сост.: С.Б. Борисов, Е.А. Брякова _gВступ. ст.: С.Б. Борисова] |
|
| 210 |
_aШадринск _cПО "Исеть" _d1999 |
||
| 215 |
_a156 с. _d20 |
||
| 300 | _aВ надзаг. также: Шадр. гос. пед. ин-т, Шадр. о-во краеведов, Администрация г. Шадринска. Отд. культуры | ||
| 423 | 0 |
_12001#$aСтатьи Н.В. Здобнова в шадринских газетах (1913-1918)$fШадрин. движение за культурное возрождение и др. _1210##$aШадринск$cПО "Исеть"$d1999 _1215##$aС. 93-154,[1] с.$cил., портр.$d20 _1700#1$aЗдобнов$bН.В.$f1888-1942$cбиблиограф$3RU\NLR\AUTH\770180886$gНиколай Васильевич$4070 _tСтатьи Н.В. Здобнова в шадринских газетах (1913-1918) _aЗдобнов, Николай Васильевич (библиограф ; 1888-1942) |
|
| 600 | 1 |
_aЗдобнов _bН. В. _f1888 - 1942 _gНиколай Васильевич _jБиобиблиография _91142635 _3RU\NLR\auth\66136552 |
|
| 686 | _aЧ753(2)7-8Здобнов | ||
| 702 | 1 |
_4220 _7ca _8rus _aБорисов _bС. Б. _cд-р культурологии, писатель _f1963- _gСергей Борисович _95252 _3RU\NLR\auth\7722193 |
|
| 712 | 0 | 2 |
_4570 _aШадринское движение за культурное возрождение _9361025 _3RU\NLR\AUTH\889932894 |
| 801 | 0 |
_aRU _bNLR _c20000602 _gPSBO |
|
| 801 | 1 |
_aRU _bNLR _c20000602 |
|
| 852 |
_aNLR _jС К-1/7975 |
||
| 942 | _cBOOK | ||
| 980 | _aNB | ||